Ehala kumburata

Saved in:
Bibliographic Details
Main Author: Sumanaratana himi, Aluthwala
Format: Book
Published: Colombo Samayawardhana 196?
Subjects:
Tags: Add Tag
No Tags, Be the first to tag this record!

MARC

LEADER 00000nam a2200000 a 4500
100 |a Sumanaratana himi, Aluthwala 
245 |a Ehala kumburata 
260 |a Colombo  |b Samayawardhana   |c 196? 
653 |a Sinhalese stories 
942 |c AFW 
999 |c 63496  |d 63496